Taylor Swift - Folklore Track Listing - Statistics

General Stats
  • This quiz has been taken 39 times
  • The average score is 15 of 17
Answer Stats
Track % Correct
1 the 1
100%
2 cardigan
97%
5 my tears ricochet
94%
8 august
91%
4 exile (feat. Bon Iver)
91%
7 seven
91%
3 the last great american dynasty
91%
14 betty
89%
16 hoax
89%
10 illicit affairs
89%
6 mirrorball
89%
15 peace
89%
17 the lakes
89%
9 this is me trying
89%
13 epiphany
86%
11 invisible string
86%
12 mad woman
83%
No matching quizzes found
Score Distribution
Percent of People with Each Score
Percentile by Number Answered
Your Score History
You have not taken this quiz